Drapeaux des pays / Country flags - Statistiques

Statistiques générales
  • Ce quiz a été pris 2 577 fois
  • Le résultat moyen est 8 sur 12
Statistiques - réponses
Par images Réponse % Correct
Algérie / Algeria
98%
Turquie / Turkey
96%
Tunisie / Tunisia
93%
Pakistan
77%
Azerbaïdjan / Azerbaijan
63%
Singapour / Singapore
61%
Libye / Libya
60%
Ouzbékistan / Uzbekistan
56%
Mauritanie / Mauritania
54%
Turkménistan / Turkmenistan
54%
Comores / Comoros
52%
Chypre du Nord / North Cyprus
16%
Aucun quiz correspondant
Distribution des résultats
% des personnes avec chaque résultat
Percentile par nombre de réponses
Votre historique - résultats
Vous n’avez pas pris ce quiz